Annual review of nutrition.

Bibliographic Details
Other Authors: Darby, William J. (William Jefferson), 1913-2001, Broquist, Harry P., Olson, Robert E., 1919-
Format: Serial
Language:English
Published: Palo Alto, Calif. : Annual Reviews Inc., [1981-]
Subjects:
Online Availability: Check for online availability

MARC

Tag First Indicator Second Indicator Subfields
LEADER 00000cas a2200000 a 4500
001 in00000079117
005 20151008055231.0
008 800512c19819999cauar1 0 a0eng d
010 |a  81643491   |z sn 80000928  
016 7 |a A54190000  |2 DNLM 
022 0 |a 0199-9885 
030 |a ARNTD8 
035 |a (OCoLC)ocm06307740 
037 |b Annual Reviews, Inc., 4139 El Camino Way, Palo Alto, CA 94306 
040 |a NSD  |c NSD  |d DLC  |d NST  |d OCL  |d NST  |d DLC  |d NST  |d DLC  |d SER  |d NST  |d OCL  |d AIP  |d NST  |d AIP  |d NST  |d AIP  |d NST  |d AIP  |d NST  |d MXC  |d CUS  |d GUA  |d UtOrBLW 
042 |a lc  |a nsdp 
049 |a TXAM 
050 0 0 |a QP141.A1  |b A64 
060 0 0 |a W1 AN778D 
210 0 |a Annu. rev. nutr. 
222 0 |a Annual review of nutrition 
245 0 0 |a Annual review of nutrition. 
264 1 |a Palo Alto, Calif. :  |b Annual Reviews Inc.,  |c [1981-] 
264 4 |c ©1981- 
300 |a volumes ;  |c 25 cm. 
310 |a Annual 
336 |a text  |b txt  |2 rdacontent 
337 |a unmediated  |b n  |2 rdamedia 
338 |a volume  |b nc  |2 rdacarrier 
362 0 |a Vol. 1 (1981)- 
510 1 |a Index medicus  |x 0019-3879  |b 1981- 
510 2 |a Biological abstracts  |x 0006-3169 
510 2 |a Chemical abstracts  |x 0009-2258 
510 2 |a Life sciences collection 
500 |a Editors: William J. Darby, Harry P. Broquist and Robert E. Olson. 
530 |a Also available in an online version. 
650 0 |a Nutrition  |v Periodicals. 
650 2 |a Nutritional Physiological Phenomena  |x yearbooks. 
700 1 |a Darby, William J.  |q (William Jefferson),  |d 1913-2001. 
700 1 |a Broquist, Harry P. 
700 1 |a Olson, Robert E.,  |d 1919- 
891 2 0 |9 853  |8 1  |a v.  |i (year)  |w a 
891 4 1 |9 863  |8 1.1  |a <21>  |i <2001> 
936 |a 1981 
948 |a MFHD URL added  |b h  |c 2002/7/15  |d c  |e bsurratt  |f 11:17:36 am 
994 |a E0  |b TXA 
999 |a MARS 
999 f f |s a7d4667d-304e-3457-b342-d606cf51be99  |i 175008ee-8ded-34d6-ab26-b155fd31b054  |t 0 
952 f f |p storage  |a Texas A&M University  |b J.J. Pickle Campus  |c High Density Repository  |d Remote Storage  |t 0  |e QP141.A1 A64  |h Library of Congress classification  |i unmediated -- volume  |k v.8  |l 1988  |m A14811256255 
952 f f |p storage  |a Texas A&M University  |b J.J. Pickle Campus  |c High Density Repository  |d Remote Storage  |t 0  |e QP141.A1 A64  |h Library of Congress classification  |i unmediated -- volume  |k v.4  |l 1984  |m A14808118896 
952 f f |p storage  |a Texas A&M University  |b J.J. Pickle Campus  |c High Density Repository  |d Remote Storage  |t 0  |e QP141.A1 A64  |h Library of Congress classification  |i unmediated -- volume  |k v.2  |l 1982  |m A14807252825 
952 f f |p ric  |a Texas A&M University  |b Rellis Campus  |c Joint Library Facility  |d Remote Storage  |t 0  |i unmediated -- volume  |k v.10  |l 1990  |m 31386001045547 
952 f f |p ric  |a Texas A&M University  |b Rellis Campus  |c Joint Library Facility  |d Remote Storage  |t 0  |i unmediated -- volume  |k v.11  |l 1991  |m 31386001088968 
952 f f |p storage  |a Texas A&M University  |b J.J. Pickle Campus  |c High Density Repository  |d Remote Storage  |t 0  |e QP141.A1 A64  |h Library of Congress classification  |i unmediated -- volume  |k v.14  |l 1994  |m A14818455321 
952 f f |p storage  |a Texas A&M University  |b J.J. Pickle Campus  |c High Density Repository  |d Remote Storage  |t 0  |e QP141.A1 A64  |h Library of Congress classification  |i unmediated -- volume  |k v.12  |l 1992  |m A14816186528 
952 f f |p storage  |a Texas A&M University  |b J.J. Pickle Campus  |c High Density Repository  |d Remote Storage  |t 0  |e QP141.A1 A64  |h Library of Congress classification  |i unmediated -- volume  |k v.16  |l 1996  |m A14820194517 
952 f f |p storage  |a Texas A&M University  |b J.J. Pickle Campus  |c High Density Repository  |d Remote Storage  |t 0  |e QP141.A1 A64  |h Library of Congress classification  |i unmediated -- volume  |k v.21  |l 2001  |m A14827236946 
952 f f |p storage  |a Texas A&M University  |b J.J. Pickle Campus  |c High Density Repository  |d Remote Storage  |t 0  |e QP141.A1 A64  |h Library of Congress classification  |i unmediated -- volume  |k v.18  |l 1998  |m A14823455441 
952 f f |p ric  |a Texas A&M University  |b Rellis Campus  |c Joint Library Facility  |d Remote Storage  |t 0  |i unmediated -- volume  |k v.14  |l 1994  |m 31386002607568 
952 f f |p ric  |a Texas A&M University  |b Rellis Campus  |c Joint Library Facility  |d Remote Storage  |t 0  |i unmediated -- volume  |k v.8  |l 1988  |m 31386000928198 
952 f f |p storage  |a Texas A&M University  |b J.J. Pickle Campus  |c High Density Repository  |d Remote Storage  |t 0  |e QP141.A1 A64  |h Library of Congress classification  |i unmediated -- volume  |k v.1  |l 1981  |m A14807252760 
952 f f |p storage  |a Texas A&M University  |b J.J. Pickle Campus  |c High Density Repository  |d Remote Storage  |t 0  |e QP141.A1 A64  |h Library of Congress classification  |i unmediated -- volume  |k v.19  |l 1999  |m A14825161161 
952 f f |p storage  |a Texas A&M University  |b J.J. Pickle Campus  |c High Density Repository  |d Remote Storage  |t 0  |e QP141.A1 A64  |h Library of Congress classification  |i unmediated -- volume  |k v.9  |l 1989  |m A14812310638 
952 f f |p storage  |a Texas A&M University  |b J.J. Pickle Campus  |c High Density Repository  |d Remote Storage  |t 0  |e QP141.A1 A64  |h Library of Congress classification  |i unmediated -- volume  |k v.13  |l 1993  |m A14817373160 
952 f f |p ric  |a Texas A&M University  |b Rellis Campus  |c Joint Library Facility  |d Remote Storage  |t 0  |i unmediated -- volume  |k v.9  |l 1989  |m 31386001011366 
952 f f |p storage  |a Texas A&M University  |b J.J. Pickle Campus  |c High Density Repository  |d Remote Storage  |t 0  |e QP141.A1 A64  |h Library of Congress classification  |i unmediated -- volume  |k v.11  |l 1991  |m A14814720067 
952 f f |p storage  |a Texas A&M University  |b J.J. Pickle Campus  |c High Density Repository  |d Remote Storage  |t 0  |e QP141.A1 A64  |h Library of Congress classification  |i unmediated -- volume  |k v.7  |l 1987  |m A14810962879 
952 f f |p storage  |a Texas A&M University  |b J.J. Pickle Campus  |c High Density Repository  |d Remote Storage  |t 0  |e QP141.A1 A64  |h Library of Congress classification  |i unmediated -- volume  |k v.5  |l 1985  |m A14808415400 
952 f f |p storage  |a Texas A&M University  |b J.J. Pickle Campus  |c High Density Repository  |d Remote Storage  |t 0  |e QP141.A1 A64  |h Library of Congress classification  |i unmediated -- volume  |k v.3  |l 1983  |m A14807542759 
952 f f |p storage  |a Texas A&M University  |b J.J. Pickle Campus  |c High Density Repository  |d Remote Storage  |t 0  |e QP141.A1 A64  |h Library of Congress classification  |i unmediated -- volume  |k v.15  |l 1995  |m A14819099055 
952 f f |p storage  |a Texas A&M University  |b J.J. Pickle Campus  |c High Density Repository  |d Remote Storage  |t 0  |e QP141.A1 A64  |h Library of Congress classification  |i unmediated -- volume  |k v.20  |l 2000  |m A14826070575 
952 f f |p storage  |a Texas A&M University  |b J.J. Pickle Campus  |c High Density Repository  |d Remote Storage  |t 0  |e QP141.A1 A64  |h Library of Congress classification  |i unmediated -- volume  |k v.10  |l 1990  |m A14812726855 
952 f f |p ric  |a Texas A&M University  |b Rellis Campus  |c Joint Library Facility  |d Remote Storage  |t 0  |i unmediated -- volume  |k v.12  |l 1992  |m 31386001150255 
952 f f |p storage  |a Texas A&M University  |b J.J. Pickle Campus  |c High Density Repository  |d Remote Storage  |t 0  |e QP141.A1 A64  |h Library of Congress classification  |i unmediated -- volume  |k v.6  |l 1986  |m A14809398499 
952 f f |p ric  |a Texas A&M University  |b Rellis Campus  |c Joint Library Facility  |d Remote Storage  |t 0  |i unmediated -- volume  |k v.13  |l 1993  |m 31386001235270 
952 f f |p storage  |a Texas A&M University  |b J.J. Pickle Campus  |c High Density Repository  |d Remote Storage  |t 0  |e QP141.A1 A64  |h Library of Congress classification  |i unmediated -- volume  |k v.22  |l 2002  |m A14828638141 
952 f f |p storage  |a Texas A&M University  |b J.J. Pickle Campus  |c High Density Repository  |d Remote Storage  |t 0  |e QP141.A1 A64  |h Library of Congress classification  |i unmediated -- volume  |k v.17  |l 1997  |m A14821348224 
998 f f |s v.8(1988)-v.14(1994)  |t 0  |l Remote Storage 
998 f f |a QP141.A1 A64  |s v.1-22 (1981-2002)  |t 0  |l Remote Storage